[Event "Corus Chess A 2008"]
[Site "Wijk aan Zee"]
[Date "2008.01.25"]
[Round "11"]
[White "Aronian, Levon"]
[Black "Van Wely, Loek"]
[Result "1-0"]
[WhiteElo "2739"]
[BlackElo "2681"]
[Annotator "Ëåáåäåâ Âàñèëèé"]
[PlyCount "81"]
[EventDate "2008.01.25"]

1. d4 d5 2. c4 c6 3. Nf3 Nf6 4. e3 a6 {
Òàê-òàê, ñòåíêà ×åáàíåíêî, ãîâîðèòå... Èíòåðåñíî...} 5. Nc3 b5 6. c5 Nbd7 7.
Bd3 e5 {Åù¸ èíòåðåñíåå... Ñóäÿ ïî âñåì ïðèçíàêàì, ìû óâèäèì ñåé÷àñ ïîâòîðåíèå,
ðàçóìååòñÿ, äî íåêîòîðîãî ìîìåíòà ïàðòèè Ãåëüôàíä-Àðîíÿí (ïîäðîáíîñòè ñì. â
îáçîðå 2-ãî òóðà.). Èòàê, ïîêà ãëàâíûé âîïðîñ, êòî ñâåðí¸ò â ñòîðîíó ïåðâûì.}
8. Nxe5 Nxe5 9. dxe5 Ng4 10. f4 Bxc5 11. Qf3 Qb6 12. Ke2 Nh6 13. h3 Nf5 14. g4
Ne7 15. Rb1 $146 ({Â óïîìÿíóòîé ïàðòèè â æàðêîé ñõâàòêå ÷¸ðíûå âçÿëè ââåðõ} 
15. Bd2 O-O 16. Rac1 f6 $1 17. exf6 Rxf6 18. e4 Bd4 19. exd5 cxd5 20. Kd1 Rf7
21. Re1 Bb7 22. Qe2 Ng6 23. Bxg6 hxg6 24. Qe6 Rd8 25. Qxb6 Bxb6 26. Re6 Ba7 27.
Ne2 d4 28. Ng3 d3 29. Rxg6 Bf2 30. Ba5 Bxg3 {
(0-1 Gelfand,B (2737) - Aronian,L (2739)/Wijk aan Zee NED 2008).}) 15... a5 {
Ïî-ìîåìó, ñ òàêèì áåëûì êîðîë¸ì, íàõàëüíî øàñòàþùèì ïî öåíòðå, ãîâîðèòü ìîæíî
òîëüêî îá îáîþäîîñòðîñòè  â ïîçèöèè.} 16. e4 {Äàëåå ñîáûòèÿ â ïàðòèè
ðàçâèâàëèñü ïî î÷åíü «ïðîñòîìó» ñöåíàðèþ. Áåëûå ïîääåðæèâàëè íàïðÿæåíèå,
ïîäêèäûâàëè äðîâèøåê â îãîíü ñâîåé èíèöèàòèâû, âñ¸ âðåìÿ ñòàâèëè ïåðåä
ñîïåðíèêîì çàäà÷è ðàçíîé ñòåïåíè ñëîæíîñòè, è âñ¸ ýòî ïðèâåëî ê òîìó, ÷òî, â
êîíöå êîíöîâ, Ëþê çåâíóë ïîòðÿñàþùèé ñèëû è êðàñîòû óäàð. Òî åñòü, âñ¸ áûëî
äîñòàòî÷íî ïðîñòî. Äëÿ Àðîíÿíà, êîíå÷íî æå.} Bb7 ({Äàëåå ê õîäàì ÷¸ðíûõ, äî
îïðåäåë¸ííîãî ìîìåíòà, êîòîðûé íèêòî íå ñìîæåò ïðîïóñòèò, ïîñòîÿííî áóäåò
çâó÷àòü îäèí è òîò æå ðåôðåí: «à ìîæåò áûòü èìåëî ñìûñë ñûãðàòü çäåñü âîò
òàê»:} 16... d4 $5 17. Nd1 O-O {, ÿâíî âûçûâàÿ îãîíü íà ñåáÿ...}) 17. f5 $1
Bd4 ({Ïîïûòêó çàñòîïîðèòü ïðîäâèæåíèå ñâîèõ ïåøåê, íàïðèìåð, ïóò¸ì} 17... f6 {
áåëûå, âåðîÿòíî, âñòðåòèëè áû òàê:} 18. exf6 gxf6 19. g5 $1 fxg5 ({
åñëè âñ¸ áðîñèòü è áåæàòü} 19... O-O-O {, òî ìîæíî è íå äîáðàòüñÿ:} 20. gxf6
dxe4 21. Qxe4 Nd5 22. Qe6+ Kb8 23. Nxd5 Rxd5 24. Bf4+ Ka7 25. f7 Qd8 26. Be4 {
, è, âðîäå, íå ñòðàøíî} Qh4 27. Rbf1 Rd4 28. Qe5 {è ò.ä.}) 20. Bxg5 $40 ({
çàìàí÷èâî è} 20. Qh5+ Kd7 21. Bxg5)) 18. exd5 {Ïðèâåëî ê ôååðè÷åñêîé è
íàäîëãî çàïîìèíàþùåéñÿ êîìáèíàöèè, ÷åìó ìû åù¸ îòäàäèì âîñòîðæåííîå äîëæíîå.}
({Ïîêà æå äàâàéòå ðàçáåð¸ì ÿâíî íàïðàøèâàþùååñÿ} 18. f6 {
, è äëÿ íà÷àëà ïîïûòàåìñÿ çàùèùàòüñÿ «ïî-êîìáèíàöèîííîìó» -} Ng6 19. fxg7
Rg8 {Ïåøêà íà å5 «âèñèò», ïåøêà íà g7 ñîâñåì ïðîïàëà... «Ïîýòîìó-òî», â
îòâåò íà âñå ýòè «íàãëûå» ïðèòÿçàíèÿ, áåëûå è èãðàþò ïåøêîé -} 20. exd5 $1 {
, êàê ìèíèìóì, ñ äè÷àéøåé è îáîþäîîñòðîé èãðîé. À âåäü ýòî èìåííî òî, ÷òî
Ëåâîíó äîêòîð ïðîïèñàë!}) ({Íî ïîñëå} 18. f6 {ÿâíî ñèëüíåå} gxf6 19. Qxf6 $140
Ng6 20. Rf1 O-O 21. Rf5 $5 ({åñëè ñðàçó} 21. Bh6 {, òî} Bxe5 {
, è íàäî «ïîäíèìàòü»} 22. Nxd5 $1 Qd8 23. Qxd8 Rfxd8 24. Nf6+ Kh8 {
, è ïðè îáîþäíîì æåëàíèè ìîæíî îòôèêñèðîâàòü «ðûáó» -} 25. Nh5 Kg8 26. Nf6+
{è ò.ä.}) 21... Qc7 $13 {è çäåñü ÿ âèæó îäíî - ïåøêà íà å5 î÷åíü ñëàáà...})
18... Bxe5 {
Äà¸ò áåëûì òåìï äëÿ àòàêè, ïîñåìó, êàê ìíå êàæåòñÿ, è çàñëóæèâàåò ïîðèöàíèÿ.} (
{Âèäèìî, èìåëî âñ¸ æå ñìûñë ñûãðàòü çäåñü} 18... Nxd5 $5 19. Nxd5 cxd5 20. Bf4
$140 O-O $13) 19. Be3 Qc7 {Íå íà à6 æå îòñòóïàòü!} 20. Rbc1 b4 ({Èìåëî ñìûñë...
} 20... O-O $5 21. Nxb5 $140 $6 (21. Be4) 21... Qd7 $1) 21. dxc6 ({Åñëè} 21.
Nb5 {, òî} Qd7 22. d6 Nd5 23. Nc7+ (23. Qe4 O-O) 23... Nxc7 24. dxc7 {
ïîñëå ÷åãî, âî âñåé âèäèìîñòè, ìîæíî êóñíóòü ïî-êîð÷íîâñêè -} Bxb2 {
, è óñïåòü ñáåæàòü ñ äîáû÷åé:} 25. Rc2 Be5 {è ò.ä.} {(ê ïðèìåðó,} 26. Be4 O-O
{, íàìåðåâàÿñü â êðàò÷àéøèå ñðîêè ëèêâèäèðîâàòü ïðîõîäíóþ áåëûõ. À íà} 27.
Rxc6 $5 {
, íàâåðíîå, íàäî ïðîñòî íå îáðàùàòü íè íà ÷òî âíèìàíèÿ è ãíóòü ñâîþ ëèíèþ:}
Rac8 {è ò.ä.}) 21... Bxc6 22. Ne4 Rd8 $2 {Óæ íå ðåøàþùàÿ ëè?} ({Ýâàêóàòîð äî
ëèìóçèíà ÷¸ðíîãî êîðîëÿ òàê è íå äîåõàë. Íåñîìíåííî, âñåì áûëî áû èíòåðåñíî
ïîãëÿäåòü, êàê áû Ëåâîí øòóðìîâàë ïîçèöèþ ÷¸ðíûõ ïîñëå} 22... O-O $1) 23. f6
$1 Nd5 {Ïðîäîëæàÿ áîðîòüñÿ çà ïåðåâåñ, îäíàêî, êàê òàì ñêàçàíî ó Áóëãàêîâà:
«Àííóøêà óæå ïðîëèëà ìàñëî», à ïðèìåíèòåëüíî ê íàøåìó ñëó÷àþ: «Ëåâîí óæ,
âñ¸ (ÈÌÕÎ) äàâíûì (ÈÌÕÎ) äàâíî (ÈÌÕÎ) ïðîñ÷èòàë»...} ({Òðåáóåò, îõ, òðåáóåò
ðàññìîòðåíèÿ, çàñëóæèâàåò, îõ, çàñëóæèâàåò âíèìàíèÿ ïîïûòêà êîíòðàòàêè} 23...
Rxd3 $5 24. Kxd3 {È òåïåðü} {åñëè} Nd5 ({ñëàáåå} 24... gxf6 25. Nxf6+ Kd8 ({
êîíå÷íî, íå} 25... Kf8 $4 26. Bh6#) 26. Ne4 f5 27. gxf5 Rf8 {
È îáîþäíûé îáìåí óäàðàìè âñ¸ æ òàêè ê âûãîäå áåëûõ:} 28. f6 $5 (28. Rhd1 $5)
28... Rxf6 $1 (28... Bxf6) 29. Nxf6 Qd6+ (29... Bxf3 30. Rxc7 Kxc7 31. Rf1) 30.
Nd5 $1 Bxd5 31. Qf8+ Kd7 32. Ke2 $16) 25. fxg7 (25. Rc5 $5 O-O 26. Rhc1 Qd8 $1)
25... Bxg7 26. Ng5 $1 {À çäåñü íàäî ïðîÿâèòü õëàäíîêðîâèå -} O-O $1 ({â ñëó÷àå
} 26... Bxb2 {îòäàâàÿ îáðàòíî âåñü ëèøíèé è «íåíóæíûé» ìàòåðèàë, â êîíöå
êîíöîâ, îñòàâàÿñü äàæå áåç ïåøêè,  áåëûå çàâëåêàþò âðàæåñêîãî êîðîëÿ â
ëîâóøêó -} 27. Qxd5 $1 Bxd5 28. Rxc7 Bxh1 29. Bc5 $1 {
È ïîïðîáóéòå íàéòè çäåñü ÷òî-ëèáî ïóòíîå çà ÷¸ðíûõ. Ê ïðèìåðó,} Bd5 (29...
Kd8 30. Bb6 $1) 30. Re7+ Kd8 31. Nxf7+ ({íà} 31. Rxf7 {åñòü} h6 $1) 31... Bxf7
32. Rxf7 {, è êàê-òî íå î÷åíü âåðèòñÿ, ÷òî ÷¸ðíûå çäåñü ñïàñóòñÿ, èáî âñå
èõ ïåøêè î÷åíü ñëàáû...}) 27. Qe4 Rd8 28. Ke2 Nc3+ $1 29. Rxc3 Bxe4 30. Rxc7
Bxh1 31. Nxf7 {
- äâà ñëîíà, îòêðûòàÿ ïîçèöèÿ è âñåãî ëèøü áåç ïåøêè. Æèòü ìîæíî!}) ({Íó, à} 
23... gxf6 {ïðîñòî ïëîõî -} 24. Nxf6+ Bxf6 25. Qxf6 Rf8 26. Be4 Rd6 ({åñëè} 
26... Rc8 {, òî} 27. Bxc6+ Nxc6 28. Rhd1 $18 {ñ èäååé Rxc6! è Rd8+!}) 27. Qf4
Ng6 $140 $2 ({èëè} 27... f5 28. gxf5 Qd7 29. Rhd1 $16 {è ò.ä.}) 28. Qxd6 $1 $18
{(} Qxd6 29. Bxc6+ {ñ ðàçãðîìîì)}) ({
È ïîñëåäíåå ïî ñ÷¸òó, íî íå ïî «êðàñèâîñòè» - ýòî} 23... Bxf6 24. Qxf6 $3
gxf6 $140 ({à åñëè} 24... Qd7 {, òî} 25. Qxg7 Qxd3+ 26. Kf2 Qxe4 27. Qxh8+ Kd7
28. Rhd1+ Bd5 29. Qd4 Qg2+ $140 30. Ke1 Qxh3 31. Rc5 {, è ÷¸ðíûì íå ñäîáðîâàòü
}) 25. Nxf6+ Kf8 26. Bh6# $1) 24. Rxc6 $1 Qxc6 25. Rc1 $18 {
À äâèæêè äî ýòîãî äîåçæàþò ñîâñåì íå ñðàçó....} Qd7 {
Ïîñëå ýòîãî ôååðèÿ áóäåò ïðîäîëæåíà.} ({À â ñëó÷àå} 25... Qb7 {
áåëûå ïðîäîëæàëè áû, íàâåðíîå, òàê:} 26. fxg7 Bxg7 27. Bc5 $1 {, è ÷¸ðíîãî
êîðîëÿ, êàê Øòèðëèöà, ïîïðîñèëè îñòàòüñÿ (â öåíòðå), ÷òî ê óëó÷øåíèþ åãî
çäîðîâüÿ âåñòè íå ìîãëî. Íàïðèìåð,} Bxb2 $2 28. Kf1 $3 Bxc1 $140 ({èëè} 28...
f5 29. Re1 $1) ({èëè æå} 28... f6 29. Qe2 $1) 29. Nf6+ $1) ({À åñëè} 25... Qe6
{, òî} 26. Bb5+ Kf8 27. Rc6 {
, è â ñàìîå áëèæàéøåå âðåìÿ ïîçèöèÿ ÷¸ðíûõ áóäåò ñò¸ðòà ñ ëèöà çåìëè -} Qd7
28. Nc5 Nf4+ 29. Kf2 ({èëè} 29. Bxf4 Qd1+ 30. Kf2 Qd4+ 31. Be3 Qxb2+ 32. Qe2
$16) 29... Qd5 30. Qxd5 Nxd5 31. Nd7+ $1 {è ò.ä.}) ({
Åñëè æå ÷¸ðíûé ôåðçü îòñòóïàåò â óãîëîê -} 25... Qa8 {
, òî â îòâåò ñëåäóåò ñòàíäàðòíîå} 26. fxg7 Bxg7 27. Bb5+ Kf8 28. Bc5+ Kg8 29.
Rf1 {, è âñ¸ áûñòðî çàêàí÷èâàåòñÿ. Íàïðèìåð,} Qb7 ({èëè} 29... f6 30. Bc4 $18)
30. Bc6 $1 Qc7 31. Qf5 Qh2+ 32. Ke1 $18) 26. Nd6+ $3 {ß â ýêñòàçå! ;)} Qxd6 {
Ïîçâîëÿåò ïîèãðàòü åù¸ íåìíîãî, ïðàâäà, óæå áåç ôåðçÿ....} ({Åñëè} 26... Bxd6 {
, òî} 27. Qxd5 {ñî ñêîðûì ðàçãðîìîì:} Qe6 (27... O-O 28. Qg5) 28. Bb5+ Kf8 29.
fxg7+ Kxg7 30. Qg5+ Qg6 31. Bd4+ f6 32. Bxf6+) ({Ê òîìó æå âåä¸ò è} 26... Kf8
27. Qxd5 Bxd6 28. Bb5 Qe6 29. fxg7+ {è ò.ä.}) 27. Bb5+ Kf8 28. Bc5 Nf4+ 29. Ke1
gxf6 30. Bxd6+ Rxd6 31. Rc8+ {Êîíå÷íî, ïàðó ëàäåé ëó÷øå ïîìåíÿòü...} Kg7 32.
Rxh8 Kxh8 33. Qb7 {Íàùóïûâàÿ áîëåâóþ òî÷êó â ïîçèöèè ñîïåðíèêà - ïóíêò f7.}
Kg7 ({À âîò ÷òî òóò ïðåäëàãàþò íàøè áåññòðàøíûå ïîìîùíèêè} 33... Rd8 $5 {
Åøüòå íà çäîðîâüå!} 34. Qxf7 Bxb2 {È ìû òîæå ïîäçàêóñèì.} 35. Qc7 {
Âèëêà», ãîâîðèòå? À ìû íå áîèìñÿ -} Rd4 36. Bc4 $1 Bc3+ ({åñëè} 36... Nxh3 {
, òî} 37. Qe7 $1 $18) 37. Kf2 Rd2+ ({íåëüçÿ} 37... Nxh3+ {ââèäó} 38. Kg3 Ng5
$140 39. Qe7 $1 $18) ({âåñüìà çàáàâåí è ñëåäóþùèé âàðèàíò -} 37... a4 {
, íàäåÿñü ðàçìåíÿòü âñå ïåøêè íà ôåðçåâîì ôëàíãå.} 38. Qc8+ Kg7 39. Qg8+ Kh6
40. Qf8+ Kg5 41. Qg7+ Ng6 (41... Kh4 {âåä¸ò ê ìàòó ïîñëå} 42. Qh6+) 42. Qxh7 $1
Rxc4 $140 43. Qh5+ Kf4 44. Qf5# $1) 38. Kg3 Ng6 39. Qxa5 Kg7 {
, è ýòî ïîäîáèå êðåïîñòè, ïîõîæå, ðóøèòñÿ õîäîì} 40. a4 {(} bxa3 $5 41. Qxc3 a2
$1 42. g5 $1 {).}) 34. Be8 Kh6 ({Åù¸ îäíà æåëåçíîãîëîâàÿ èäåÿ -} 34... Bc3+ $5
{è äàëåå:} 35. bxc3 Re6+ 36. Kf1 Rxe8 37. cxb4 axb4 38. Qxb4 Nxh3 39. a4 {
È äàâàéòå íåìíîãî ïîìå÷òàåì ïî-ìàíèëîâñêè: âîò êàáû äà îòäàòü êîíÿ çà ïåøêó
«à», äà åñëè áû ïîòîì ïîñòàâèòü ëàäüÿ íà å5 (å6) - âîò òîãäà ÷¸ðíûå òî÷íî
íå ïðîèãðàëè áû!}) {Íà÷èíàÿ ñ ýòîãî õîäà âíèìàòåëüíî ñìîòðèì çà êðàñèâîé
ãåîìåòðèåé, âû÷åð÷èâàåìîé áåëûì ôåðç¸ì ïî äîñêå. Èòàê,} 35. Qxf7 Ng6 ({
Íåëüçÿ, ðàçóìååòñÿ,} 35... Bxb2 $4 {ââèäó} 36. Qf8+) ({Ïëîõî è} 35... Nxh3 {
èç-çà} 36. g5+ $1 Kxg5 (36... fxg5 37. Qf8+ Bg7 38. Qxd6+ Bf6 39. Qxf6#) (36...
Nxg5 37. Qf8#) 37. Qh5+ Kf4 38. Qxh3 $18) 36. Qb3 $1 {Î÷åðåäü õîäà ïåðåäà¸òñÿ
ïðîòèâíèêó (ïóñòü äóìàåò, ïóñòü ñòðàäàåò áåç ôåðçÿ). Íó, è ïîïóòíî, ïåøêà
çàùèùàåòñÿ. Èõ, êñòàòè, ó áåëûõ íå òàê óæ ìíîãî è îñòàëîñü...} Nf4 37. Qg8 $1 {
À òåïåðü, «çàáûâ» ïðî âñ¸, ôåðçü ïð¸ò â  àòàêó. Ãðîçèò, g4-g5+!} Rd4 $2 {
Òåïåðü èãðà ïðàêòè÷åñêè çàêîí÷åíà. È êàê òîëüêî áóäåò ïðåîäîë¸í êîíòðîëü
ïàðòèÿ çàêîí÷èòñÿ.} ({Íå ëå÷èëî ïðîáëåì ÷¸ðíûõ} 37... Ng6 {ââèäó} 38. Bxg6
hxg6 39. h4 $1 {, è ìîæíî ñïàñòèñü îò ìàòà, íî íå îò ïîðàæåíèÿ:} Rd7 ({«èëè»
} 39... g5 40. h5 f5 41. Qf8+ Bg7 42. Qxd6+) 40. Qh8+ Rh7 41. g5+ $1) ({
Íî ïîñëå} 37... Rd8 $1 {âñ¸ åù¸ ïðîäîëæàëîñü áû. Íàïðèìåð,} 38. Qf8+ {
, è ïîñëå ëåãêî ïîíÿòíûõ õîäîâ} Kg5 39. Qg7+ Kh4 40. Qxh7+ Kg3 41. Bd7 {
ñëåäóåò «òû÷îê»} b3 $5 42. axb3 Rb8 {Ïåøêó çàùèùàòü, âèäèìî, íàäî} 43. Qc2
Ng2+ ({íî íå} 43... Nxh3 $2 {èç-çà} 44. g5 $1 Nxg5 $140 (44... fxg5 45. Qd3+
Kf4 46. Qf5+ {è ò.ä.}) 45. Qf2# $1) 44. Ke2 Rb4 {
Óæ âî âñÿêîì ñëó÷àå ýòî áûëî ãîðàçäî óïîðíåå.}) 38. h4 $1 Ng2+ 39. Ke2 Nxh4
40. g5+ $1 {Êîíòðîëüíûé... ý-ý.. õîä. ;)} fxg5 41. Qe6+ {, è ÷¸ðíûå ñäàëèñü} (
{Â ñëó÷àå (ïîñëå} 41. Qe6+ {)} Ng6 {
ó íèõ îñòà¸òñÿ ëàäüÿ ïðîòèâ ôåðçÿ ïðîòèâíèêà:} 42. Bxg6 Rd6 43. Qxe5 Rxg6 {
, è íèêàêèõ íàäåæä íà êðåïîñòü:} 44. Qxa5 {è ò.ä.}) 1-0

[Event "Corus Chess A 2008"]
[Site "Wijk aan Zee"]
[Date "2008.01.25"]
[Round "11"]
[White "Leko, Peter"]
[Black "Kramnik, Vladimir"]
[Result "1/2-1/2"]
[WhiteElo "2753"]
[BlackElo "2799"]
[Annotator "Ëåáåäåâ Âàñèëèé"]
[PlyCount "55"]
[EventDate "2008.01.25"]

1. e4 e5 2. Nf3 Nf6 {Âåðîé è ïðàâäîé  âîò óæå ñêîëüêî ëåò ñëóæèò ýòîò äåáþò
Âëàäèìèðó. È âîâñå íå âñåãäà ïàðòèè òóò áûâàþò ñêó÷íûå...} 3. Nxe5 d6 4. Nf3
Nxe4 5. Nc3 Nxc3 6. dxc3 Be7 7. Bf4 O-O 8. Qd2 Nd7 9. O-O-O Nc5 10. Be3 ({
Â 5-ì òóðå Ìàéêë Àäàìñ èãðàë ïðîòèâ Âëàäèìèðà} 10. Nd4 {
è, ðàçóìååòñÿ, íè÷åãî íå äîáèëñÿ:} Re8 11. f3 Ne6 12. Be3 Bg5 13. f4 Nxd4 14.
fxg5 Nc6 15. h4 Bg4 16. Re1 Qd7 17. Bb5 Re5 18. Bxc6 Qxc6 19. Bd4 Rxe1+ 20.
Rxe1 Re8 21. b3 b6 22. c4 Rxe1+ 23. Qxe1 Kf8 24. g3 Qf3 25. Kb2 Bf5 {
(1/2 Adams,M (2726) - Kramnik,V (2799)/Wijk aan Zee NED 2008)}) 10... c6 $5 ({
><àùå âñòðå÷àëîñü} 10... Re8 {(ïðèìåíÿë ýòîò õîä è ýêñ-÷åìïèîí ìèðà)} 11. Bc4
Be6 12. Bxe6 Nxe6 13. h4 Qd7 14. Qd5 Qc6 15. Qf5 Qc4 16. Kb1 (16. Ng5 Bxg5 17.
hxg5 Nf8 18. Kb1 Re5 19. Qd3 Qxd3 20. cxd3 Rae8 21. Rh3 b6 22. Kc2 R5e6 23.
Rdh1 f6 24. gxf6 Rxf6 25. d4 d5 26. Kd3 h6 27. Rh5 c6 28. b3 Rg6 29. Rg1 Nd7
30. g4 Nf6 31. Rh4 Ne4 32. Rh5 Nf6 33. Rh4 {
1/2 Karjakin,S (2678) - Kramnik,V (2766)/Wijk aan Zee NED 2007}) 16... g6 17.
Qh3 h5 18. Nd2 Qe2 19. Rde1 Qg4 20. Qh2 d5 21. f3 Qa4 22. g4 Bd6 23. Qf2 Ng7
24. c4 dxc4 25. Bd4 Qc6 26. Bc3 Bc5 27. Qg3 Bd6 28. Qf2 Bc5 29. Qg3 Bd6 {
1/2 Svidler,P (2735) - Kramnik,V (2769)/Mexico City MEX 2007}) 11. Bxc5 dxc5
12. Qf4 ({Ïîñëå} 12. Qxd8 Bxd8 {
ñîãëàøåíèå íà íè÷üþ, êàê â ñëåäóþùåé ïàðòèè -} 13. h3 {(1/2 Sakelsek,T
(2374) - Mikac,M (2357)/Maribor 2004), âîâñå íå âûòåêàåò èç âñåãî ïðåäûäóùåãî.
Äóìàåòñÿ, ÷òî ñ äâóìÿ ñëîíèêàìè, ÷¸ðíûå áû òóò ìîãëè ïîèãðàòü, êàê ìèíèìóì,
äî êîíòðîëÿ.}) 12... Qa5 13. Bd3 Be6 ({Ñìûñëà õîäà} 13... c4 $6 {
îò ìåíÿ óñêîëüçàåò:} 14. Bxc4 Qf5 15. Qxf5 Bxf5 16. Rhe1 Bf6 17. Ne5 $14 {
- 1-0 Vachier Lagrave,M (2577) - Gashimov,V (2644)/Lausanne 2006 (52).}) 14. a3
(14. Bc4 b5 $36) 14... Bf6 {À ñëîíèêè-òî ÷¸ðíûõ óæå ñìîòðÿò ãðîçíî...} 15. h4
$146 {Ïîñëå ýòîãî áåëûå ãîòîâû ñåðü¸çíî çàíÿòüñÿ êîðîë¸ì ïðîòèâíèêà. Îäíàêî...}
(15. Ng5 $145 $5 Bxg5 16. Qxg5 Rfd8 (16... Rad8 $5) 17. Rhe1 Qc7 18. Qxc5 Qxh2
19. Qe3 Qh6 (19... Qxg2 20. Rh1 $40) 20. Qxh6 gxh6 21. Re3 $1 $40 {
- 1-0 Fedorchuk,S (2592) - Landa,K (2584)/Paris 2006 (38).}) {
... îäíàêî ÷¸ðíûå íà÷èíàþò ïåðâûìè.} 15... c4 $1 ({Ñëèøêîì ìåäëåííî} 15...
b5 16. Ng5 {è ïîñëå «êîîïåðàòèâíî-ïåðâîðàçðÿäíîãî»} Bxg5 $4 {
âîçìîæåí ñëåäóþùèé ðàçãðîì:} ({èëè} 16... b4 17. Bxh7+ Kh8 18. cxb4 cxb4 19.
Qxb4 {è ò.ä.}) 17. Bxh7+ $1 Kxh7 18. hxg5+ Kg6 (18... Kg8 19. Qh4 f6 20. g6 {
, è ìàò}) 19. Rh6+ $1 {ñ íåèçáåæíûì ìàòîì.}) 16. Be4 ({
Ïðèíèìàòü æåðòâó íåëüçÿ -} 16. Bxc4 Qa4 $1 {
, è áåëûå, êàê ìèíèìóì, äîëæíû ðàñïðîùàòüñÿ ñ êà÷åñòâîì} 17. Rd4 ({åñëè} 17.
Nd2 {, òî} Rad8 18. Rhe1 $140 Rxd2 $1 {è ò.ä.}) 17... Bxd4 18. Bd3 ({èëè} 18.
Bxe6 fxe6 19. Qxd4 Qxd4 20. cxd4 {è ò.ä.}) 18... Be3+ $1 ({ïîñëå} 18... c5 19.
cxd4 c4 {áåëûå ìîãëè ÷åãî äîáðîãî è} 20. Bxh7+ $5 {ñûãðàòü...}) 19. Qxe3 Rfe8
$15) 16... Bxc3 $1 {«Æåðòâîâàòü â ýòîé ïàðòèè áóäó ß», - ïîäóìàë Âëàäèìèð. È
ïîñëå õîäà ïåøêîé íà ñ4, äâèíóë ñëîíîì íà ñ3...} 17. bxc3 Qxa3+ 18. Kb1 ({
Â ñëó÷àå} 18. Kd2 {ïðîäâèæåíèå} f5 {
äîëæíî, ïî èäåå, çíà÷èòåëüíî âûèãðàòü â ñèëå. Íî äàâàéòå ñìîòðåòü âíèìàòåëüíî:
} 19. Ng5 {, è òåïåðü âåñüìà ëþáîïûòíî} fxe4 $5 (19... Rae8 $5 20. Bf3 h6 21.
Nh3 Rf7 $44) 20. Qxe4 Bf5 ({õóæå} 20... Rxf2+ 21. Ke1 Rf6 22. Qxh7+ Kf8 23.
Qh8+ Bg8 24. Nh7+ {è ò.ä. Íàïðèìåð,} Kf7 25. Nxf6 Qxc3+ 26. Rd2 Qa1+ 27. Ke2 $1
Qxh1 $140 $2 28. Rd7+ $1 {, è áåëûå ïîáåæäàþò!}) 21. Qxc4+ Kh8 22. Nf7+ {
(ÿâíî âûíóæäåííî)} Rxf7 23. Qxf7 Rd8+ $1 {Î÷åíü âàæíûé ïðîìåæóòî÷íûé  øàõ!}
24. Ke2 Rf8 $1 25. Qb3 ({â ñëó÷àå} 25. Qxb7 Bxc2 {
ïðèäóìàòü ñëåäóþùèé õîä áåëûõ âåñüìà íåëåãêî...} {(} 26. Rd7 Re8+ 27. Kd2 Bf5
{)}) ({à â ñëó÷àå} 25. Qc4 {ñëîí äåëàåò ôèíò} Bxc2 26. Rd2 Bb3 27. Qb4 $140
Qa6+ $1 28. Ke3 {è òåïåðü äîáèâàåò ñîïåðíèêà èçÿùíîå} c5 $1 {è äàëåå} 29. Qe4 (
29. Qxc5 Qe6+ 30. Kd3 Rd8+) 29... Qf6 30. f4 Qxc3+ 31. Rd3 Qb2 32. Qe7 Rg8 {
- ÷¸ðíûå (ÈÌÕÎ) äîëæíû ïîáåäèòü}) 25... Qe7+ 26. Kd2 $1 ({ïîñëàáåå áóäåò} 26.
Kf1 {èç-çà} Bg4 27. Rd2 Qe3 {è òåïåðü òîëüêî ýôôåêòíåéøåå} 28. Qf7 $1 {
ïîçâîëÿåò äåðæàòüñÿ:} Be2+ $1 29. Ke1 Qxd2+ $1 30. Kxd2 Rxf7 31. Kxe2 {
ñ ëó÷øèì «ëàäåéíèêîì» ó ÷¸ðíûõ. Ïî-ìîåìó, îòëè÷íûé ðåçóëüòàò äåáþòíîé
ñõâàòêè. Âû íåíàõîäèòå?}) 26... Be6 (26... Bg6 27. f3 Bf7) 27. Qb4 c5 (27...
Rxf2+ 28. Kc1 c5 29. Qe4 Qf6 30. Rd2) 28. Qe4 Qf6 {
, è ÷¸ðíûå ïî-ïðåæíåìó «èíèöèàòèâÿò».}) 18... f5 {À ñëîí-òî â êëåòêå!} ({Íà
} 18... Qxc3 {åñòü} 19. Qe5 Qb4+ $140 20. Qb2 Qa5 21. c3 $1 ({«àêòèâíîå»} 21.
Ng5 $5 {íà ñàìîì äåëå ÿâëÿåòñÿ âûìàëèâàíèåì ìèëîñòåé ó ñîïåðíèêà. Âåäü ïîñëå
ëîãè÷íûõ õîäîâ} c3 22. Bxh7+ Kh8 23. Qa1 Qb4+ 24. Kc1 {
äåëàòü íè÷üþ ïîñðåäñòâîì} Qf4+ 25. Kb1 Qb4+ {÷¸ðíûå âîâñå íå îáÿçàíû}) {
È åñòü ó ìåíÿ ïîäîçðåíèå, ÷òî áåëûå ïîòèõîíüêó îòáèëèñü è äàæå êîíñîëèäèðîâàëèñü}
 21... Bf5 22. Bxf5 Qxf5+ 23. Qc2 Qb5+ 24. Kc1 Qa5 25. Ng5 $1 f5 ({èëè} 25...
g6 26. Qb2 Rad8 27. Rhe1 {è ò.ä.}) 26. Qb2 Rad8 27. Rhe1 {è ò.ä.}) 19. Ng5 fxe4
20. Qxe4 Bf5 21. Qxc4+ Kh8 22. Nf7+ {Êàê âñå ïîíèìàþò, èä¸ò «ôîðñàæ»,
óêëîíèòüñÿ îò êîòîðîãî ïîêà íå ïðåäñòàâëÿëîñü âîçìîæíûì.} Rxf7 23. Qxf7 Qxc3 $1
24. Qxf5 {Áåëûå ðåøàþò «çàíè÷åèòüñÿ» ñðàçó.} ({Íà} 24. Qa2 $5 {
áûëî, áåçóñëîâíî, çàãîòîâëåíî} Re8 $1 {
, è åñëè ïðîäîëæàòü óïîðñòâîâàòü, íàïðèìåð, èãðàÿ} 25. Qb2 ({ïðîáíûé øàð} 25.
Kc1 {- ïðåäëîæåíèå íè÷üåé, âîçìîæíîé â ñëó÷àå} Bxc2 26. Qxc2 Qa1+ 27. Kd2
Qd4+ 28. Kc1 Qa1+ 29. Qb1 Qc3+ {è ò.ä.}) 25... Qa5 26. Rd4 ({õóæå} 26. Qxb7 h6
$1 {, è ëàäüÿ ÷¸ðíûõ ãîòîâà îòïðàâèòüñÿ íà ôåðçåâûé ôëàíã ÷åðåç öåíòð ñ
îôèöèàëüíûì, íî ÿâíî íåäðóæåñòâåííûì, âèçèòîì â ãîñòè ê áåëîìó êîðîëþ.} {
Íàïðèìåð,} 27. Rd4 ({î÷åíü ëþáîïûòíî è} 27. g4 $5 Re4 $1 28. Kc1 Ra4 $1 29.
Qb3 $140 Bxc2 $1 (29... Kh7 $5) 30. Kxc2 ({
íå ïðèíîñèò ñïàñåíèÿ îò÷àÿííàÿ êîíòðàòàêà} 30. Qb8+ Kh7 31. Rd8 {
, ïðàâäà, ÷¸ðíûå òóò äîëæíû îáúÿâèòü îòíþäü íå ïàðî÷êó òî÷íûõ øàõîâ:} Ra1+
32. Kxc2 Qa4+ 33. Kc3 Ra3+ 34. Kd2 Ra2+ 35. Ke3 Qa3+ 36. Rd3 Qc5+ 37. Ke4 Qc4+
38. Ke3 Qe6+ 39. Kf4 Qf7+ 40. Ke4 Re2+ 41. Kd4 Qd5+ 42. Kc3 Qc5+ 43. Kb3 Qc2+ {
è ò.ä. Óôô!}) 30... Qc5+ 31. Kd3 Ra3 {è ò.ä.}) 27... Re5 28. Rb4 Bxc2+ $1 29.
Kxc2 Qa2+ 30. Rb2 Qc4+ 31. Kb1 Qd3+ 32. Rc2 Rb5+ {è ò.ä.}) 26... Re2 27. Rc1
Be6 $13 {È, íàâåðíîå, ðàçóìíåå âñåãî òóò áóäåò ñîîðóäèòü ïîâòîðåíèå õîäîâ} 28.
Qa1 Qb5+ 29. Qb2 Qa5) 24... Qb4+ 25. Ka2 ({Êîíå÷íî, íå} 25. Kc1 $2 Qa3+ 26.
Kd2 $2 Rd8+ 27. Ke2 Qe7+ $1 28. Kf3 Rf8 {
, è ÷¸ðíûå, íàäâèãàÿ ïåøêè ôåðçåâîãî ôëàíãà äîëæíû ïîáåäèòü.}) 25... Qa4+ 26.
Kb2 Qb4+ 27. Kc1 Qa3+ 28. Kb1 {Äà! Çàïàñ ïðî÷íîñòè áåëûõ â Ðóññêîé ïàðòèè
äîñòàòî÷íî âåëèê! ;) Îòáèëèñü îíè â ýòîé ïàðòèè îò íàñêîêîâ ÷¸ðíûõ ïðîñòî
øóòÿ ;))} 1/2-1/2